Perkins & Will: (Record no. 352529)

000 -LEADER
fixed length control field 00739 a2200229 4500
003 - CONTROL NUMBER IDENTIFIER
control field OSt
005 - DATE AND TIME OF LATEST TRANSACTION
control field 20260129104516.0
008 - FIXED-LENGTH DATA ELEMENTS--GENERAL INFORMATION
fixed length control field 120517t xxu||||| |||| 00| 0 eng d
010 ## - LIBRARY OF CONGRESS CONTROL NUMBER
LC control number 2001369632
020 ## - INTERNATIONAL STANDARD BOOK NUMBER
International Standard Book Number 1864700645
040 ## - CATALOGING SOURCE
Transcribing agency 0
082 ## - DEWEY DECIMAL CLASSIFICATION NUMBER
Classification number 720.922
110 2# - MAIN ENTRY--CORPORATE NAME
Corporate name or jurisdiction name as entry element Perkins & Will.
9 (RLIN) 32819
245 10 - TITLE STATEMENT
Title Perkins & Will:
Remainder of title selected and current works.
260 ## - PUBLICATION, DISTRIBUTION, ETC.
Place of publication, distribution, etc. Victoria :
Name of publisher, distributor, etc. Images Pub. Group,
Date of publication, distribution, etc. 2000.
300 ## - PHYSICAL DESCRIPTION
Extent 256 p. :
Other physical details ill. (some col.) ;
Dimensions 31 cm.
440 #4 - SERIES STATEMENT/ADDED ENTRY--TITLE
Title The Master architect series V
9 (RLIN) 32820
610 20 - SUBJECT ADDED ENTRY--CORPORATE NAME
Corporate name or jurisdiction name as entry element Perkins & Will
9 (RLIN) 32819
650 #0 - SUBJECT ADDED ENTRY--TOPICAL TERM
Topical term or geographic name entry element Architecture
Geographic subdivision United States
General subdivision History
Chronological subdivision 20th century
9 (RLIN) 32294
942 ## - ADDED ENTRY ELEMENTS (KOHA)
Institution code [OBSOLETE] SADA
Koha item type Book
Call number prefix 720.922 PER 2000
Source of classification or shelving scheme
Holdings
Withdrawn status Lost status Source of classification or shelving scheme Damaged status Not for loan Permanent Location Current Location Date acquired Full call number Barcode Date last seen Cost, replacement price Price effective from Koha item type
          School of Art Design and Architecture (SADA) School of Art Design and Architecture (SADA) 12/22/2010 720.922 PER 2000 SADA0000490 08/05/2011 4291.00 08/05/2011 Book
© 2023 Central Library, National University of Sciences and Technology. All Rights Reserved.